MARC details
| 000 -CABECERA |
| campo de control de longitud fija |
02975nam a2200409 i 4500 |
| 003 - IDENTIFICADOR DEL NÚMERO DE CONTROL |
| campo de control |
DO-SdBNP |
| 005 - FECHA Y HORA DE LA ÚLTIMA TRANSACCIÓN |
| campo de control |
20260317141442.0 |
| 007 - CAMPO FIJO DE DESCRIPCIÓN FÍSICA--INFORMACIÓN GENERAL |
| campo de control de longitud fija |
ta |
| 008 - DATOS DE LONGITUD FIJA--INFORMACIÓN GENERAL |
| campo de control de longitud fija |
220120e2021 dr a|||fr|||| 001 e spa d |
| 020 ## - NÚMERO INTERNACIONAL ESTÁNDAR DEL LIBRO |
| Número Internacional Estándar del Libro |
9789945443622 (serie) |
| 020 ## - NÚMERO INTERNACIONAL ESTÁNDAR DEL LIBRO |
| Número Internacional Estándar del Libro |
9789945629064 (v. 285) |
| 040 ## - FUENTE DE LA CATALOGACIÓN |
| Centro catalogador/agencia de origen |
DO-SdBNP |
| Lengua de catalogación |
spa |
| Centro/agencia transcriptor |
BNPHU |
| Normas de descripción |
rda |
| 041 ## - CÓDIGO DE LENGUA |
| Código de lengua del texto/banda sonora o título independiente |
spa |
| 082 #4 - NÚMERO DE LA CLASIFICACIÓN DECIMAL DEWEY |
| Número de clasificación |
330.97293 |
| Número de documento/Ítem |
C744n 2020 |
| Número de edición |
22 |
| 111 2# - ENTRADA PRINCIPAL--NOMBRE DE CONGRESO/REUNIÓN |
| 9 (RLIN) |
6999 |
| Nombre de congreso/reunión o jurisdicción como elemento de entrada |
Concurso Biblioteca Juan Pablo Duarte |
| Sede del congreso/Lugar de la reunión |
(Santo Domingo : |
| Fecha del congreso/reunión |
2020) |
| 245 10 - MENCIÓN DE TÍTULO |
| Título |
Nueva literatura económica dominicana : |
| Resto del título |
Premios del Concurso de Economía Biblioteca "Juan Pablo Duarte" 2020 / |
| Mención de responsabilidad, etc. |
edición, José Alcántara Almánzar y Elvis Francisco Soto. |
| 264 #1 - PRODUCCIÓN, PUBLICACIÓN, DISTRIBUCIÓN, FABRICACIÓN Y COPYRIGHT |
| Producción, publicación, distribución, fabricación y copyright |
Santo Domingo : |
| Nombre del de productor, editor, distribuidor, fabricante |
Banco Central de la República Dominicana, |
| Fecha de producción, publicación, distribución, fabricación o copyright |
2021. |
| 300 ## - DESCRIPCIÓN FÍSICA |
| Extensión |
424 páginas : |
| Otras características físicas |
ilustraciones ; |
| Dimensiones |
23 cm |
| 336 ## - TIPO DE CONTENIDO |
| Término de tipo de contenido |
texto |
| Código de tipo de contenido |
txt |
| Fuente |
rdacontent |
| 337 ## - TIPO DE MEDIO |
| Nombre/término del tipo de medio |
sin mediación |
| Código del tipo de medio |
n |
| Fuente |
rdamedia |
| 338 ## - TIPO DE SOPORTE |
| Nombre/término del tipo de soporte |
volumen |
| Código del tipo de soporte |
nc |
| Fuente |
rdacarrier |
| 490 1# - MENCIÓN DE SERIE |
| Mención de serie |
Banco Central de la República Dominicana ; |
| Designación de volumen o secuencia |
285 |
| 490 1# - MENCIÓN DE SERIE |
| Mención de serie |
Nueva literatura económica; |
| Designación de volumen o secuencia |
25 |
| 505 ## - NOTA DE CONTENIDO CON FORMATO |
| Nota de contenido con formato |
Presentación.--<br/> |
| 505 0# - NOTA DE CONTENIDO CON FORMATO |
| Nota de contenido con formato |
Introducción. |
| Título |
Primera parte. |
| Identificador Uniforme del Recurso |
<a href="Comunicado de política monetaria del Banco Central como instrumentos complementarios de política: un análisis semántico para el caso dominicano. /">Comunicado de política monetaria del Banco Central como instrumentos complementarios de política: un análisis semántico para el caso dominicano. /</a> |
| Mención de responsabilidad |
Liliana Eugenia Cruz Quezada |
| Título |
Segunda parte. |
| Identificador Uniforme del Recurso |
<a href="Reglas de política monetaria y evaluación de bienestar en una economía pequeña y abierta con fricciones financieras: evidencia para República Dominicana desde un enfoque DSGE Neo Keynesiano. /">Reglas de política monetaria y evaluación de bienestar en una economía pequeña y abierta con fricciones financieras: evidencia para República Dominicana desde un enfoque DSGE Neo Keynesiano. /</a> |
| Mención de responsabilidad |
Manuel Alberto Pérez Pérez.-- |
| Título |
Tercera parte. |
| Identificador Uniforme del Recurso |
<a href="Caracterización del riesgo de tasa de interés de la cartera de inversión de los bancos múltiples y su importancia en el análisis de la estabilidad financiera en la República Dominicana. /">Caracterización del riesgo de tasa de interés de la cartera de inversión de los bancos múltiples y su importancia en el análisis de la estabilidad financiera en la República Dominicana. /</a> |
| Mención de responsabilidad |
Víctor José Reyes Hernández. Alerso Pimentel Domínguez |
| Título |
Cuarta parte. |
| Identificador Uniforme del Recurso |
<a href="Política monetaria óptima con múltiples instrumentos: el caso de la República Dominicana.">Política monetaria óptima con múltiples instrumentos: el caso de la República Dominicana.</a> |
| Mención de responsabilidad |
Francisco A. Ramírez de León, Ariadne M. Checo de los Santos |
| Título |
Quinta parte. |
| Identificador Uniforme del Recurso |
<a href="Incidencia de la automatización en el mercado de trabajo de la República Dominicana. /">Incidencia de la automatización en el mercado de trabajo de la República Dominicana. /</a> |
| Mención de responsabilidad |
Sabeida Pérez Reyes, Eduardo R. Vásquez Nolasco.-- |
| 590 ## - NOTA LOCAL (RLIN) |
| Nota local |
Inventariado 2022 / MF |
| 650 #4 - PUNTO DE ACCESO ADICIONAL DE MATERIA--TÉRMINO DE MATERIA |
| Término de materia o nombre geográfico como elemento de entrada |
Política monetaria |
| Subdivisión geográfica |
República Dominicana |
| 9 (RLIN) |
5998 |
| Subdivisión cronológica |
2018 |
| 650 #7 - PUNTO DE ACCESO ADICIONAL DE MATERIA--TÉRMINO DE MATERIA |
| Término de materia o nombre geográfico como elemento de entrada |
Mercado de trabajo |
| Subdivisión de forma |
Congresos, conferencias, etc. |
| Subdivisión cronológica |
2018 |
| Subdivisión geográfica |
República Dominicana |
| Fuente del encabezamiento o término |
LIBRUNAM |
| 9 (RLIN) |
19058 |
| 650 #4 - PUNTO DE ACCESO ADICIONAL DE MATERIA--TÉRMINO DE MATERIA |
| Término de materia o nombre geográfico como elemento de entrada |
Inflacción |
| Subdivisión geográfica |
República Dominicana |
| 9 (RLIN) |
80992 |
| Subdivisión de forma |
Congresos, conferencias, etc. |
| Subdivisión cronológica |
2018 |
| 651 #4 - PUNTO DE ACCESO ADICIONAL DE MATERIA--NOMBRE GEOGRÁFICO |
| Nombre geográfico |
República Dominicana |
| Subdivisión general |
Condiciones económicas |
| Subdivisión de forma |
Congresos, conferencias, etc. |
| Subdivisión cronológica |
2018 |
| 9 (RLIN) |
81083 |
| 651 #4 - PUNTO DE ACCESO ADICIONAL DE MATERIA--NOMBRE GEOGRÁFICO |
| Nombre geográfico |
República Dominicana |
| Subdivisión general |
Política económica |
| Subdivisión de forma |
Congresos, conferencias, etc. |
| Subdivisión cronológica |
2018 |
| 9 (RLIN) |
81084 |
| 700 1# - PUNTO DE ACCESO ADICIONAL--NOMBRE DE PERSONA |
| Nombre de persona |
Alcántara Amánzar, José, |
| Término indicativo de función/relación |
editor |
| Código de función/relación |
ed. |
| 9 (RLIN) |
80987 |
| 700 1# - PUNTO DE ACCESO ADICIONAL--NOMBRE DE PERSONA |
| Nombre de persona |
Soto, Elvis Francisco, |
| Término indicativo de función/relación |
editor |
| Código de función/relación |
ed. |
| 9 (RLIN) |
80988 |
| 830 ## - PUNTO DE ACCESO ADICIONAL DE SERIE-TÍTULO UNIFORME |
| Título uniforme |
Banco Central de la República Dominicana ; |
| Número de parte o sección de la obra |
285 |
| 9 (RLIN) |
80989 |
| Nombre de parte o sección de la obra |
Nueva literatura económica ; 25 |
| Designación de volumen o secuencia |
25 |
| 910 ## - DATOS DE OPCIÓN DEL USUARIO (OCLC) |
| Datos de opción del usuario |
MFéliz/Validado. Control de calidad MFF |
| 942 ## - ELEMENTOS DE PUNTO DE ACCESO ADICIONAL (KOHA) |
| Fuente del sistema de clasificación o colocación |
Dewey Decimal Classification |
| Tipo de ítem Koha |
Libro |